| 000 | 01272aab a2200241 i 4500 | ||
|---|---|---|---|
| 001 | 768714001 | ||
| 003 | CO-MdFUSB | ||
| 005 | 20240802111217.0 | ||
| 008 | 240802t1994 -us||||| |||| 00| 0 eng d | ||
| 040 |
_aCO-MdFUSB _bspa _cCO-MdFUSB |
||
| 041 | _aeng | ||
| 100 | 1 |
_aMyers, Bryant _eautor |
|
| 245 | 1 | 0 |
_aState of the world's children : _bcritical challenge to christian mission _c/ Bryant Myers |
| 520 | _aEste ensayo examina a grandes rasgos la situación de los niños del mundo desde la perspectiva de la misión cristiana. El autor afirma en su tesis que comprender la situación de los niños y jóvenes del mundo constituye un importante punto ciego en la misión cristiana. Si los niños y los jóvenes están en el centro de la tarea misionera, entonces la forma en que pensamos sobre la misión y contextualizamos el Evangelio hoy será vista como inadecuada. | ||
| 546 | _aTexto en inglés. | ||
| 650 | 7 |
_aEducación cristiana de jóvenes _97018 |
|
| 650 | 7 |
_aEducación cristiana de niños _97019 |
|
| 650 | 0 |
_aEvangelización _9362 |
|
| 650 | 0 |
_aMisiones _9154 |
|
| 773 | 0 |
_tInternational Bulletin _049483 _960991 _gVolumen 18, (número 3, 1994), páginas: 98 - 102 _qpágina: 98 |
|
| 942 | _cANA | ||
| 945 | _aCatherine Arias Álvarez - Practicante SENA | ||
| 999 |
_c57464 _d57464 |
||